A friend and neighbor, (Record no. 17390)
[ view plain ]
| 000 -LEADER | |
|---|---|
| fixed length control field | 00659cam a22002171 4500 |
| 001 - CONTROL NUMBER | |
| control field | ca 34000875 |
| 003 - CONTROL NUMBER IDENTIFIER | |
| control field | DLC |
| 005 - DATE AND TIME OF LATEST TRANSACTION | |
| control field | 20260227111132.0 |
| 008 - FIXED-LENGTH DATA ELEMENTS--GENERAL INFORMATION | |
| fixed length control field | 890612s1923 ilu 000 0 eng |
| 010 ## - LIBRARY OF CONGRESS CONTROL NUMBER | |
| LC control number | ca 34000875 |
| 035 ## - SYSTEM CONTROL NUMBER | |
| System control number | (OCoLC)19851697 |
| 040 ## - CATALOGING SOURCE | |
| Original cataloging agency | DLC |
| Transcribing agency | RPB |
| Modifying agency | DLC |
| 042 ## - AUTHENTICATION CODE | |
| Authentication code | premarc |
| 050 00 - LIBRARY OF CONGRESS CALL NUMBER | |
| Classification number | PS3545.H34 |
| Item number | F7 1923 |
| 082 ## - DEWEY DECIMAL CLASSIFICATION NUMBER | |
| Classification number | 812.5 |
| 100 1# - MAIN ENTRY--PERSONAL NAME | |
| Personal name | Whelan, Charles Elbert, |
| Dates associated with a name | 1862-1928. |
| 245 12 - TITLE STATEMENT | |
| Title | A friend and neighbor, |
| Statement of responsibility, etc. | by Charles Elbert Whelan. A Modern woodmen of America play. |
| 260 ## - PUBLICATION, DISTRIBUTION, ETC. | |
| Place of publication, distribution, etc. | [Rock Island, Ill., |
| Name of publisher, distributor, etc. | Modern Woodmen of America, |
| Date of publication, distribution, etc. | 1923] |
| 300 ## - PHYSICAL DESCRIPTION | |
| Extent | 27 p. |
| Dimensions | 18 x 10 cm. |
| 610 20 - SUBJECT ADDED ENTRY--CORPORATE NAME | |
| Corporate name or jurisdiction name as entry element | Modern Woodmen of America |
| Form subdivision | Drama. |
No items available.